| 000 | 00718cam a2200265 4500 | ||
|---|---|---|---|
| 008 | 090401t1994 xxu||||| |||| 00| 0 eng d | ||
| 020 | _a0748008748 | ||
| 035 | _a(Sirsi) u62467 | ||
| 041 | _aeng | ||
| 050 | _a690.24 | ||
| 100 | _aAndrew, Christopher | ||
| 245 | _aStone cleaning: a guide for practitioners | ||
| 260 |
_aEdinburgh _bHistoric Scotland & The Robert Gordon Un _c1994 |
||
| 300 | _aiv, 122p. ; 30cm. | ||
| 350 | _a0 | ||
| 650 | _aSCOTLAND | ||
| 650 | _aSTONE CLEANING | ||
| 690 | _aCONSERVATION | ||
| 700 | _aYoung, Maureen | ||
| 700 | _aTonge, Kenneth | ||
| 710 |
_aMasonry Conservation Research Group _9603 |
||
| 710 |
_aHistoric Scotland _92914 |
||
| 942 | _n0 | ||
| 948 | _c04/03/1997 | ||
| 999 |
_c94418 _d94418 |
||